[Event "ICA Players Mem-Open"]
[Site "Boise, ID"]
[Date "2012.05.19"]
[Round "2.2"]
[White "Douglas, Kurt P"]
[Black "Abernathy, Caleb Patrick"]
[Result "1-0"]
[WhiteElo "1763"]
[BlackElo "1702"]

1. e4 d5 2. exd5 Nf6 3. d4 Nxd5 4. Nf3 Bg4 5. h3 Bh5 6. c4 Nb6 7. Nc3 Nc6 8.
g4 Bg6 9. a3 e5 10. d5 e4 11. Ng5 Ne5 12. Ngxe4 Bxe4 13. Nxe4 Nexc4 14. Bxc4
Nxc4 15. Qa4+ c6 16. Qxc4 cxd5 17. Qa4+ Qd7 18. Qxd7+ Kxd7 19. Ng3 Re8+ 20.
Kd1 Bc5 21. f4 Bf2 22. Ne2 d4 23. Rf1 Be3 24. Rf3 Kd6 25. Bxe3 dxe3 26. Rc1
Re7 27. Rc3 Rhe8 28. b4 Kd5 29. Kc2 g6 30. Kd3 b6 31. Rc4 h6 32. Nc3+ Kd6 33.
Ne4+ {#r} 1-0

[Event "ICA Players Mem-Open"]
[Site "Boise, ID"]
[Date "2012.05.19"]
[Round "3.3"]
[White "Johnson, Paul M"]
[Black "Abernathy, Caleb Patrick"]
[Result "1-0"]
[WhiteElo "1994"]
[BlackElo "1702"]

1. d4 Nf6 2. Nf3 b6 3. g3 Bb7 4. Bg2 c5 5. dxc5 bxc5 6. c4 Nc6 7. O-O Qc7 8.
Nc3 a6 9. b3 e6 10. Bb2 Be7 11. e4 Rd8 12. Re1 Ne5 13. Nxe5 Qxe5 14. f4 Qd4+
15. Qxd4 cxd4 16. Na4 Bb4 17. Red1 Bxe4 18. Bxd4 Bxg2 19. Kxg2 Ke7 20. Bb6 Rb8
21. a3 Rxb6 22. Nxb6 Bc3 23. Rab1 Ba5 24. Na4 d5 25. b4 Bc7 26. Rbc1 Ng4 27.
Rd3 Kd6 28. cxd5 exd5 29. Nc3 Ke6 30. Nxd5 {#r} 1-0

[Event "ICA Players Mem-Open"]
[Site "Boise, ID"]
[Date "2012.05.20"]
[Round "4.4"]
[White "Abernathy, Caleb Patrick"]
[Black "Roland, Jeffrey T"]
[Result "1/2-1/2"]
[WhiteElo "1702"]
[BlackElo "1700"]

1. Nf3 Nf6 2. d3 d5 3. g3 g6 4. Bg2 Bg7 5. O-O O-O 6. Nbd2 c5 7. Re1 Nc6 8. e4
dxe4 9. Nxe4 Nxe4 10. Rxe4 Bf5 11. Rh4 f6 12. Bh6 Bxh6 13. Rxh6 Kg7 14. Qd2 e5
15. Bh3 g5 16. Bxf5 Kxh6 17. h4 Kg7 18. hxg5 fxg5 19. Nxg5 Nd4 20. Ne6+ Nxe6
21. Bxe6 Qf6 22. Bd5 Rad8 23. Be4 b6 24. Kg2 h6 25. Rh1 Rh8 26. Rh4 Qg5 27.
Qe2 Kf6 28. Qf3+ Ke7 29. Rg4 Qf6 30. Qxf6+ Kxf6 31. Rg6+ Kf7 32. Kh3 Rdg8 33.
Rxg8 Kxg8 34. Kg4 Kg7 35. f3 Rf8 36. Kh5 Rf6 37. Kg4 {#d} 1/2-1/2

[Event "ICA Players Mem-Open"]
[Site "Boise, ID"]
[Date "2012.05.20"]
[Round "5.5"]
[White "Pemsler, Carmen"]
[Black "Abernathy, Caleb Patrick"]
[Result "0-1"]
[WhiteElo "1364"]
[BlackElo "1702"]

1. c4 Nf6 2. Nc3 e6 3. g3 Bb4 4. Bg2 O-O 5. f4 Bxc3 6. bxc3 c6 7. Nf3 d5 8.
cxd5 exd5 9. d3 Qb6 10. Qb3 Re8 11. Qxb6 axb6 12. Ne5 Nbd7 13. d4 Ne4 14. Bxe4
dxe4 15. O-O c5 16. Bd2 Nxe5 17. fxe5 Be6 18. a3 Ra7 19. Rfc1 cxd4 20. cxd4
Bg4 21. e3 f6 22. exf6 gxf6 23. Rc7 Rea8 24. Rxb7 Rxa3 25. Rxa3 Rxa3 26. Rxb6
Ra1+ 27. Kf2 Rh1 28. Rxf6 Rxh2+ 29. Ke1 Re2+ 30. Kf1 Rxd2 31. Rf4 Bf3 32. Rf5
Re2 33. d5 Rxe3 34. d6 Rd3 35. Rf6 Bg4 36. Rf4 Rf3+ 37. Rxf3 exf3 38. Kf2 Kf7
39. Ke3 Ke6 40. Kf2 Kxd6 41. Ke3 Ke5 42. Kf2 Ke4 43. Kf1 Ke3 44. Kg1 f2+ 45.
Kg2 Bh3+ {#R} 0-1

[Event "ICA Players Mem-Res."]
[Site "Boise, ID"]
[Date "2012.05.19"]
[Round "3.1"]
[White "Lang, Jamie"]
[Black "Abernathy, Michaela R"]
[Result "1-0"]
[WhiteElo "1343"]
[BlackElo "1277"]

1. e4 d5 2. exd5 Nf6 3. Bb5+ Bd7 4. Bxd7+ Qxd7 5. c4 c6 6. dxc6 Nxc6 7. Nc3
Nd4 8. Nge2 e6 9. Nxd4 Qxd4 10. Qa4+ Nd7 11. O-O Bc5 12. Nb5 Qe5 13. b4 Qxa1
14. Nc7+ Ke7 15. bxc5 Rac8 16. Ba3 Qe5 17. c6+ Nc5 18. Nb5 Rxc6 19. d4 Kd7 20.
Qxa7 Qb8 21. Bxc5 Qxa7 22. Nxa7 Ra8 23. Nxc6 Kxc6 24. a3 b6 25. Bb4 f6 26. Rd1
Rd8 27. a4 Ra8 28. d5+ exd5 29. cxd5+ Kd7 30. Ra1 b5 31. a5 f5 32. a6 Kc7 33.
d6+ Kd7 34. a7 Kc6 35. Rc1+ Kd7 36. Rc7+ Kd8 37. Rxg7 {#r} 1-0

[Event "ICA Players Mem-Res."]
[Site "Boise, ID"]
[Date "2012.05.20"]
[Round "5.2"]
[White "Abernathy, Michaela R"]
[Black "Gorman, Cody Austin"]
[Result "0-1"]
[WhiteElo "1277"]
[BlackElo "1252"]

1. Nf3 d5 2. d3 Bf5 3. Nbd2 Nf6 4. g3 h6 5. Bg2 e6 6. O-O Be7 7. Nd4 Bh7 8.
N2b3 c6 9. Bf4 Nbd7 10. Re1 e5 11. Bxe5 Nxe5 12. e4 dxe4 13. dxe4 c5 14. Nb5
Qxd1 15. Raxd1 O-O 16. f4 Nc4 17. e5 Nh5 18. Bf3 g6 19. Rd7 Bd8 20. Nxc5 Bb6
21. b4 Rfd8 22. Rxb7 Rab8 23. Re7 Kf8 24. Rb7 Rxb7 25. Bxb7 Rb8 26. Bd5 Bxc5+
27. bxc5 Rxb5 28. Bxc4 Rxc5 29. Bb3 Ng7 30. Rd1 Ne6 31. Rd7 Bg8 32. Rxa7 Nd4
33. c4 Kg7 34. Kf2 g5 35. Ke3 Nxb3 36. axb3 Rc8 37. Rb7 Bh7 38. e6 Bg8 39. e7
Kf6 40. Ke4 Re8 41. c5 Rxe7+ 42. Rxe7 Kxe7 43. b4 Ke6 44. f5+ Ke7 45. g4 f6
46. Kd4 Kd7 47. b5 Kc7 48. Kc3 Bd5 49. Kb4 Bf3 50. Ka5 Bxg4 51. Ka6 Bf3 52.
b6+ Kb8 53. Kb5 Kb7 54. c6+ Bxc6+ 55. Kc5 h5 56. Kd4 Kxb6 57. Ke3 Kc5 58. Kf2
Bd7 59. Kg3 Bxf5 60. h4 Kd5 61. hxg5 fxg5 {#R} 0-1

[Event "WIO (Open)"]
[Site "Boise, ID"]
[Date "2012.12.08"]
[Round "2.3"]
[White "Sinanan, Joshua"]
[Black "Abernathy, Caleb P"]
[Result "1-0"]
[WhiteElo "2252"]
[BlackElo "1695"]

1. d4 d5 2. c4 Bf5 3. cxd5 Bxb1 4. Qa4+ Qd7 5. Qxd7+ Nxd7 6. Rxb1 Ngf6 7. f3
e5 8. dxe6 Bb4+ 9. Bd2 Bxd2+ 10. Kxd2 fxe6 11. e4 Rd8 12. Ke3 Kf7 13. Bc4 c5
14. Ne2 Nb6 15. Bb3 c4 16. Bc2 Rc8 17. Nc3 a6 18. a4 Nbd7 19. g4 g5 20. h4 h6
21. Rh3 e5 22. Rd1 exd4+ 23. Rxd4 Ne5 24. Rd6 Rcd8 25. Rb6 gxh4 26. Rxb7+ Ke6
27. Rb6+ Rd6 28. Rxd6+ Kxd6 29. Rxh4 {#r} 1-0

[Event "WIO (Open)"]
[Site "Boise, ID"]
[Date "2012.12.08"]
[Round "3.7"]
[White "Abernathy, Caleb P"]
[Black "Gorman, Cody Austin"]
[Result "1-0"]
[WhiteElo "1695"]
[BlackElo "1662"]

1. e4 b6 2. d4 Bb7 3. d5 e6 4. c4 Bb4+ 5. Bd2 Qe7 6. Bxb4 Qxb4+ 7. Qd2 Qxd2+
8. Kxd2 f5 9. f3 Nf6 10. Nc3 Na6 11. exf5 exd5 12. cxd5 Nb4 13. Re1+ Kf7 14.
Bc4 Nbxd5 15. Re5 c6 16. Nh3 Rhe8 17. Rhe1 Rxe5 18. Rxe5 Re8 19. Ng5+ Kf8 20.
Rxe8+ Kxe8 21. Bxd5 cxd5 22. Nb5 Ba6 23. Nc7+ Kd8 24. Nxa6 Ke7 25. Kd3 Kd6 26.
Nb4 Ke5 27. Nh3 Kxf5 28. Kd4 g5 29. g4+ Nxg4 30. fxg4+ Kxg4 31. Ng1 h5 32.
Nxd5 Kf5 33. Ne7+ Kf4 34. Nc8 g4 35. Kd3 h4 36. Ke2 g3 37. hxg3+ Kxg3 38. Nxa7
d5 39. Nb5 Kf4 40. Nd4 Kg3 41. Nf5+ Kg2 42. Nf3 h3 43. Ne3+ Kg3 44. Nxd5 b5
45. Nc3 b4 46. Nd5 b3 47. a4 h2 48. Nxh2 Kxh2 49. a5 Kg3 50. a6 Kg4 51. a7 Kf5
52. a8=Q Ke5 53. Nb4 Kd6 54. Qd5+ Ke7 55. Qc6 Kf7 56. Qd6 Ke8 57. Qc7 Kf8 58.
Nd5 Ke8 59. Qe7# 1-0

[Event "WIO (Open)"]
[Site "Boise, ID"]
[Date "2012.12.09"]
[Round "4.4"]
[White "Abernathy, Caleb P"]
[Black "Carr, John"]
[Result "1-0"]
[WhiteElo "1695"]
[BlackElo "1704"]

1. Nf3 e6 2. g3 g6 3. d3 Bg7 4. Bg2 c5 5. O-O Ne7 6. Nbd2 Nbc6 7. Re1 O-O 8.
e4 b6 9. e5 Bb7 10. Nc4 Nd4 11. Nxd4 Bxg2 12. Kxg2 cxd4 13. Qg4 b5 14. Nd6 Qb6
15. Bg5 f6 16. exf6 Bxf6 17. Bxf6 Rxf6 18. Ne4 Rf7 19. Ng5 Rg7 20. Nf3 Nf5 21.
Qe4 Rf8 22. g4 Rgf7 23. gxf5 Rxf5 24. Ne5 Rxf2+ 25. Kg1 R8f4 26. Qa8+ Rf8 27.
Qh1 Qd8 28. Qe4 Qg5+ 29. Qg4 Qxg4+ 30. Nxg4 Rxc2 31. Rf1 Rxb2 32. Nf6+ Kg7 33.
Nxd7 Rd2 34. Rxf8 {#r} 1-0

[Event "WIO (Open)"]
[Site "Boise, ID"]
[Date "2012.12.09"]
[Round "5.3"]
[White "Olsoy, Peter John"]
[Black "Abernathy, Caleb P"]
[Result "1/2-1/2"]
[WhiteElo "1694"]
[BlackElo "1695"]

1. d4 Nf6 2. c4 e6 3. Nf3 b6 4. Nc3 Bb4 5. Qc2 Ba6 6. e3 Bxc3+ 7. bxc3 O-O 8.
Bd3 c5 9. O-O d5 10. cxd5 Bxd3 11. Qxd3 Qxd5 12. Rd1 c4 13. Qe2 Ne4 14. Bb2
Nd7 15. Nd2 Nxd2 16. Rxd2 f5 17. f3 Nf6 18. Re1 Rfe8 19. e4 fxe4 20. fxe4 Qg5
21. Bc1 Rad8 22. Rb2 Qg6 23. Rb4 Qg4 24. Qxg4 {#d} 1/2-1/2

[Event "WIO (Reserve)"]
[Site "Boise, ID"]
[Date "2012.12.08"]
[Round "1.3"]
[White "Bentley, Houston D"]
[Black "Abernathy, Michaela"]
[Result "0-1"]
[WhiteElo "526"]
[BlackElo "1325"]

1. e4 d5 2. exd5 Nf6 3. c4 c6 4. dxc6 Nxc6 5. Nc3 Bf5 6. Qf3 e6 7. Bd3 Bxd3 8.
Qg3 Bxc4 9. Nf3 Bd6 10. Qh4 Bd5 11. Nxd5 Nxd5 12. Qg4 Qf6 13. O-O O-O 14. Ng5
Ne5 15. Qg3 Be7 16. Ne4 Qf4 17. d3 Qxg3 18. fxg3 Nxd3 19. Bg5 Bxg5 20. Nxg5
Rac8 21. Ne4 Rc2 22. Nc3 Nxc3 23. bxc3 Rxc3 24. Rab1 b6 25. Rb3 Rxb3 26. axb3
Rc8 27. h4 Rc3 28. Rb1 Rc1+ 29. Rxc1 Nxc1 30. b4 a6 31. g4 Nd3 32. g5 Nxb4 33.
h5 a5 34. g6 hxg6 35. hxg6 a4 36. gxf7+ Kxf7 37. g4 a3 38. Kf2 a2 39. Ke3 a1=Q
40. Ke4 Qd1 41. g5 Nc6 42. g6+ Kf6 43. Kf4 Qd4+ 44. Kf3 Kf5 45. Kg3 Qe3+ 46.
Kh4 Qg1 47. Kh3 Kf4 {#R} 0-1

[Event "WIO (Reserve)"]
[Site "Boise, ID"]
[Date "2012.12.08"]
[Round "2.6"]
[White "Abernathy, Patrick"]
[Black "Bentley, Houston D"]
[Result "0-1"]
[WhiteElo "966"]
[BlackElo "526"]

1. e4 d5 2. d3 d4 3. Nf3 c5 4. b3 f6 5. Na3 e5 6. Nc4 Be6 7. Bb2 Bxc4 8. bxc4
Bd6 9. Be2 Ne7 10. O-O O-O 11. c3 Qe8 12. cxd4 cxd4 13. Rc1 b6 14. a4 Na6 15.
Qb3 Nc5 16. Qa2 Qxa4 17. Qxa4 Nxa4 18. Ba1 Ba3 19. Rb1 Ng6 20. Bd1 Nc3 21.
Bxc3 dxc3 22. Rb3 Bb2 23. Rb5 Rfd8 24. Bc2 Rab8 25. Rd1 a6 26. Rb4 Nf4 27. Bb3
Ne2+ 28. Kf1 Nd4 29. Nxd4 exd4 30. c5+ Kf8 31. Ba2 Ba3 32. Ra4 Bxc5 33. Rxa6
Ra8 34. Rxa8 Rxa8 35. Bb3 Ra3 36. Bc2 Ra2 37. Bb3 Rb2 38. Bc4 b5 39. Be6 Ba3
40. Ke1 c2 41. Kd2 Ke7 42. Bg8 Kf8 43. Bd5 cxd1=Q+ 44. Kxd1 Ke7 45. Kc1 Rxf2+
{#R} 0-1

[Event "WIO (Reserve)"]
[Site "Boise, ID"]
[Date "2012.12.08"]
[Round "3.2"]
[White "Abernathy, Michaela"]
[Black "Buus, Jarod"]
[Result "1-0"]
[WhiteElo "1325"]
[BlackElo "1120"]

1. e4 c5 2. Nf3 Nc6 3. Bb5 Qb6 4. Bxc6 Qxc6 5. Nc3 d6 6. d4 cxd4 7. Nxd4 Qd7
8. O-O g6 9. Qf3 Nf6 10. Bg5 Bg7 11. Rad1 O-O 12. Rfe1 Ng4 13. h3 Ne5 14. Qe2
Nc6 15. Nxc6 bxc6 16. Qd2 Bb7 17. Bh6 c5 18. Bxg7 Kxg7 19. e5 Qc6 20. f3 Rad8
21. e6 Bc8 22. exf7 Rxf7 23. Qg5 Re8 24. Nd5 e6 25. Nf4 Rf5 26. Qg3 Qa4 27.
Re4 Qxc2 28. Rxd6 e5 29. Nd3 Qd1+ 30. Kh2 Re7 31. Qe1 Qxe1 32. Rxe1 c4 33. Nb4
Bb7 34. Nc6 Rf6 35. Rxf6 Kxf6 36. Nxe7 Kxe7 37. Rxe5+ Kf6 38. Rc5 a6 39. Rxc4
Bd5 40. Ra4 {#r} 1-0

[Event "WIO (Reserve)"]
[Site "Boise, ID"]
[Date "2012.12.08"]
[Round "3.7"]
[White "Blake, Isaac R R"]
[Black "Abernathy, Patrick"]
[Result "0-1"]
[WhiteElo "763"]
[BlackElo "966"]

1. Nf3 f6 2. d3 e5 3. Nbd2 d6 4. g3 Bg4 5. Bg2 Nc6 6. O-O d5 7. Re1 Bd6 8. e4
d4 9. h3 Bh5 10. a3 Nge7 11. b4 O-O 12. Nc4 a5 13. b5 Na7 14. Nxa5 Qc8 15. a4
Bb4 16. Bd2 Bxd2 17. Qxd2 c6 18. Qb4 c5 19. Qc4+ Bf7 20. Nc6 bxc6 21. Qxc5 Qb7
22. b6 Nac8 23. a5 Ra6 24. Reb1 g6 25. h4 h6 26. Bh3 g5 27. Bxc8 Rxc8 28. hxg5
hxg5 29. g4 Ng6 30. Qd6 Kg7 31. Kf1 Nf4 32. Nxg5 Rh8 33. Ke1 Rh1+ 34. Kd2 Rxb1
35. Rxb1 Rxa5 36. f3 Bg8 37. c3 Ra2+ 38. Kd1 dxc3 39. Rc1 Bb3+ 40. Ke1 Ng2+
41. Kf1 Ne3+ 42. Ke1 Ng2+ 43. Kf1 Qxb6 44. Qe7+ Kg6 45. Qe8+ Kxg5 46. Qh5+ Kf4
47. Qh2+ Kxf3 48. Qh3+ Kf4 49. Qh6+ Kg3 {#R} 0-1

[Event "WIO (Reserve)"]
[Site "Boise, ID"]
[Date "2012.12.09"]
[Round "4.6"]
[White "Abernathy, Patrick"]
[Black "Clark, Riley Mae"]
[Result "0-1"]
[WhiteElo "966"]
[BlackElo "101"]

1. e4 e5 2. Qf3 Nf6 3. Bc4 Be7 4. Nc3 O-O 5. d3 d6 6. h3 Nc6 7. Nge2 Bd7 8.
Bg5 a6 9. a4 h6 10. Be3 Rb8 11. Ng3 Nd4 12. Bxd4 exd4 13. Nd5 Nxd5 14. exd5 c6
15. O-O Qa5 16. Nh5 g6 17. Nf6+ Bxf6 18. Qxf6 Kh7 19. Rae1 Rbe8 20. Re4 b5 21.
Rxe8 Bxe8 22. dxc6 bxc4 23. Qxd6 Rg8 24. c7 Bxa4 25. Qe7 Kg7 26. c3 dxc3 27.
Qe1 cxd3 28. Qxc3+ Qxc3 29. bxc3 d2 30. c4 d1=Q 31. Rxd1 Bxd1 32. f3 Rc8 33.
f4 Rxc7 34. g4 g5 35. f5 Rxc4 {#R} 0-1

[Event "WIO (Reserve)"]
[Site "Boise, ID"]
[Date "2012.12.09"]
[Round "5.1"]
[White "Hollingsworth, Gary"]
[Black "Abernathy, Michaela"]
[Result "1-0"]
[WhiteElo "1394"]
[BlackElo "1325"]

1. e4 d5 2. exd5 Nf6 3. c4 c6 4. d4 cxd5 5. Nc3 e6 6. Nf3 Bb4 7. Qc2 Nc6 8.
Bd3 dxc4 9. Bxc4 O-O 10. Be3 Ng4 11. O-O Bxc3 12. Qxc3 Nxe3 13. fxe3 Bd7 14.
Rac1 Rc8 15. Nd2 Na5 16. Qb4 Nxc4 17. Rxc4 Rxc4 18. Nxc4 Qc7 19. Qc5 Qxc5 20.
dxc5 Bb5 21. Rc1 Bxc4 22. Rxc4 Rc8 23. Kf2 Kf8 24. b4 Ke7 25. Kf3 Rd8 26. Rd4
Rd5 27. Rxd5 exd5 28. Kf4 Ke6 29. a4 Kd7 30. b5 b6 31. c6+ Kd6 32. h4 h6 33.
Kg4 Ke6 34. Kf4 g6 35. Kf3 f6 36. Kg4 Kd6 37. h5 g5 38. Kf5 Ke7 39. g3 {#r}
1-0